000 00725am a2200253a 44500
003 AR-BaBNM
005 20251128211159.0
008 183020s[199 #AR|||||||||||000 | spa||
020 _a950-99648-2-4
040 _cAR-BaBNM
100 1 _aSirur Flores, Olga Esther
245 1 0 _aLa iglesia de Santa Rosa [San Luis]
_bnotas históricas acerca de sus propiedades
260 _aBuenos Aires
_bFondo Editorial Sanluiseño
_c[1993?]
300 _a191 p.
_bláms.
610 2 4 _aIGLESIA CATOLICA
650 4 _aHISTORIA ARGENTINA
650 4 _aHISTORIA PUNTANA
650 4 _aPROPIEDADES
650 4 _aHISTORIA DE LAS RELIGIONES
650 4 _aIGLESIA CATOLICA
650 4 _aDONACIONES
942 _cBK
998 _cMariana
999 _c18599
_d18599